| 000 | 01209cam a22002771i 4500 | ||
|---|---|---|---|
| 003 | SA-RiAUC | ||
| 005 | 20250915061651.0 | ||
| 008 | 250912s1996 su a f f00000 ara c | ||
| 020 | _a996000080X | ||
| 040 |
_aSD-OmOIU _bara _cSA-RiAUC. _erda |
||
| 043 | _aa-su--- | ||
| 082 | 0 | 4 |
_a027.5531 _qSA-RiAUC |
| 090 |
_a027.5531 _bس ا ل |
||
| 100 | 1 |
_aالسالم، سالم بن محمد ناصر، _d1374 هجري- _eمؤلف. |
|
| 245 | 1 | 0 |
_aمكتبة الملك فهد الوطنية : _bدراسة لوظائفها ضمن بنية البناء الوطني للمعلومات / _cسالم محمد السالم. |
| 264 | 1 |
_aالرياض : _bمكتبة الملك فهد الوطنية، _c1996. |
|
| 300 |
_a317 صفحة : _bجداول ؛ _c24 سم. |
||
| 336 |
_aنص _btxt _2rdacontent _3كتاب |
||
| 337 |
_aبدون وسيط _bn _2rdamedia |
||
| 338 |
_aمجلد _bnc _2rdacarrier |
||
| 490 | 0 |
_aمطبوعات مكتبة الملك فهد الوطنية ؛ _v21 |
|
| 610 | 2 | 7 |
_aمكتبة الملك فهد الوطنية _vدراسات حالة _2aucnm |
| 650 | 7 |
_aالمكتبات القومية _zالسعودية _2aucsh |
|
| 942 |
_2ddc _cBOOK _n0 |
||
| 949 |
_aSA-JeALM _d250912 _umohamedma123 _n1 |
||
| 999 |
_c11740 _d11740 |
||